Statistics for Best Global Brands 2022

Click here to take the quiz!

General Stats

  • This quiz has been taken 21 times
  • The average score is 39 of 100

Answer Stats

HintAnswer% Correct
1.Apple
94%
13.BMW
94%
11.McDonald's
94%
8.MercedesBenz
94%
3.Amazon
88%
2.Microsoft
88%
88.Tiffany & Co.
88%
17.Facebook
81%
4.Google
81%
26.Honda
81%
14.Louis Vuitton
81%
12.Tesla
81%
6.Toyota
81%
50.Ford
75%
35.Hyundai
75%
5.Samsung
75%
42.adidas
69%
22.Chanel
69%
7.Coca Cola
69%
30.Gucci
69%
10.Nike
69%
32.Pepsi
69%
48.Volkswagen
69%
87.Kia
63%
40.Netflix
63%
51.Starbucks
63%
9.Disney
56%
46.Audi
50%
75.Ferrari
50%
33.GE
50%
18.IBM
50%
28.IKEA
50%
16.Instagram
50%
61.Nissan
50%
39.Sony
50%
25.Youtube
50%
60.eBay
44%
56.H&M
44%
86.Huawei
44%
92.Johnson&Johnson
44%
24.J.P.Morgan
44%
94.KFC
44%
67.Nestlé
44%
53.Porsche
44%
47.Zara
44%
44.Budweiser
38%
77.Dior
38%
19.Intel
38%
37.Visa
38%
27.AmericanExpress
31%
74.Cartier
31%
95.Heineken
31%
23.Hermès
31%
62.HP
31%
41.Mastercard
31%
38.Paypal
31%
89.Prada
31%
70.Spotify
31%
21.Adobe
25%
15.Cisco
25%
79.FedEx
25%
65.HSBC
25%
63.Lego
25%
55.Siemens
25%
84.Xiaomi
25%
31.Accenture
19%
96.Burberry
19%
99.Mini
19%
52.Pampers
19%
59.Philips
19%
36.Salesforce
19%
20.SAP
19%
29.UPS
19%
69.3M
13%
97.Canon
13%
57.Citi
13%
80.Corona
13%
82.DHL
13%
71.Gillette
13%
93.Hennessy
13%
66.Morgan Stanley
13%
91.Panasonic
13%
76.Santander
13%
54.Airbnb
6%
34.Allianz
6%
43.AXA
6%
83.Caterpillar
6%
72.Colgate
6%
73.Danone
6%
49.Goldman Sachs
6%
85.Jack Daniel's
6%
98.Land Rover
6%
81.LinkedIn
6%
45.Nescafé
6%
68.Nintendo
6%
64.RedBull
6%
100.Sephora
6%
90.Hewlett Packard Enterprise
0%
78.Kellogg's
0%
58.L'oréal Paris
0%

Score Distribution

Percentile by Number Answered

Percent of People with Each Score

Your Score History

You have not taken this quiz